000 01012nam0a22002531 4500
001 rc\779273
005 20040301143228.5
035 _a(NLR Aleph) 006305244
090 _a7293711
_c7293711
100 _a20040301d1984 u |0rusy50 ca
101 0 _arus
102 _aRU
105 _ay |||||||||
200 1 _aСоздание и внедрение систем автоматизированного проектирования печатных плат
210 _aКиев
_cО-во "Знание" УССР
_d1984
215 _a[1], 11 с.
_d20
225 1 _aВ помощь лектору и специалисту
_fО-во "Знание" УССР. Респ. целевые комплекс. науч.-техн. прогр. "Труд"
700 1 _aАчин
_bВ. Г.
_gВиктор Григорьевич
701 1 _aНаличаев
_bА. Б.
_gАлександр Борисович
801 0 _aRU
_bNLR
_gpsbo
801 1 _aRU
_bELAR
_2rusmarc
852 _aNLR
_j85-4/13276
942 _cBOOK
980 _aNB